000 00568nam a22002052 4500
001 0000020809
005 20151217145927.0
008 111018s xx 000 0 eng d
020 _a0071479228 :
040 _aKABU
_cKABU
100 1 _aWarhaus, Susan.
_@0000181377
245 1 0 _aFertility demystified /
_cSusan Warhaus.
250 _a1st ed.
260 _aNew York :
_bMcGraw Hill,
_c2007.
300 _axiii, 256 p.
650 0 _aInfertility.
_@0000181378
852 1 _9p500 KES
908 _a111018
950 _@1
999 _c4181
_d4181